000 00351cam a22001097a 4500
008 180718b1970 xxu||||| |||| 00| 0 eng d
082 _aR5x42 Un3g
245 _aGraduate training in manufacturing technology
_cby Ministry of Technology
260 _aLondon
_bHer Majesty's Stationery Office
_c1970
300 _a29p
700 _aU.K. Ministry of Technology
999 _c496086
_d496086